| 000 | 00467nam a2200193Ia 4500 | ||
|---|---|---|---|
| 003 | GCL | ||
| 008 | 140319s9999 xx 000 0 eng d | ||
| 040 |
_aGCL / _cGCL |
||
| 082 | 0 | 4 |
_a787.87 _bC C |
| 100 | 1 | _aCHAPMAN, RICHARD | |
| 245 | 1 | 0 |
_aTHE COMPLETE GUITARIST / _cCHAPMAN, RICHARD |
| 260 |
_a[S.N] : _bDORLING KINDERSLEY ، _c1994 |
||
| 300 | _a192 PP | ||
| 650 | 0 | 4 | _aGUITAR |
| 650 | 0 | 4 | _aARTS |
| 650 | 0 | 4 | _aMUSIC |
| 650 | 0 | 4 | _aCOMPOSERS |
| 942 |
_2ddc _cBK |
||
| 999 |
_c19087 _d19087 |
||